Statistics for Rugby World Rankings 2023

Click here to take the quiz!

General Stats

  • This quiz has been taken 68 times
  • The average score is 24 of 30

Answer Stats

PositionPointsAnswer% Correct
3rd88.98New Zealand
100%
5th82.77Scotland
100%
9th78.08Wales
100%
6th82.12England
98%
2nd90.47France
98%
1st91.82Ireland
98%
4th88.97South Africa
97%
7th81.80Australia
95%
14th74.63Italy
93%
18th65.92Usa
92%
8th80.72Argentina
90%
13th74.84Fiji
90%
10th77.39Japan
90%
23rd60.46Canada
88%
12th76.03Samoa
88%
15th71.21Tonga
87%
20th64.05Spain
85%
16th67.62Portugal
83%
25th58.06Russia
78%
21st61.60Namibia
77%
22nd60.89Chile
75%
19th65.85Romania
70%
17th66.24Uruguay
70%
11th76.23Georgia
65%
28th55.23Brazil
60%
26th55.84Netherlands
57%
29th54.58Belgium
47%
30th52,62South Korea
35%
27th55.72Switzerland
35%
24th59.66Hong Kong
33%

Score Distribution

Percentile by Number Answered

Percent of People with Each Score

Your Score History

You have not taken this quiz